Statistics for Hidden CFB Team in Sentence

Click here to take the quiz!

General Stats

  • This quiz has been taken 71 times
  • The average score is 4 of 12

Answer Stats

HintAnswer% Correct
Hi Louis, Ian, and George. Today I willLouisiana
67%
tell you how weak Ron went to collegeAkron
54%
Even though I was Buff, a love for origami stillBuffalo
54%
I was a hardcore goner in high school. Bad at mathOregon
44%
My grammar, shall I say, awful. I was bored soMarshall
39%
I read. In an article, Ms. Ona, my favoriteClemson
35%
Will I noise your cell phone trying to get updates, sureIllinois
32%
remained. I was a freshman, evadableness wasn'tNevada
25%
but it's all in love, you scout. I will see you later, Bye.USC
23%
felt as I loved folding animals, like emu. Class wasUCLA
16%
great. I can't wait to see you about ahold a campus.Utah
16%
teacher for art was teaching at Royal University.Troy
12%

Score Distribution

Percentile by Number Answered

Percent of People with Each Score

Your Score History

You have not taken this quiz